[Event "TUR Cup"]
[Site "Denizli"]
[Date "2024.08.05"]
[Round "10"]
[White "Bilir, Ibrahim"]
[Black "Yuksel, Davut Can"]
[Result "1/2-1/2"]
[WhiteElo "1830"]
[BlackElo "1882"]
[PlyCount "133"]
[EventDate "2024.07.30"]
[EventType "swiss"]
[EventRounds "11"]
[EventCountry "TUR"]
[SourceTitle "EXT 2025"]
[Source "ChessBase"]
[SourceDate "2024.10.14"]
[SourceVersion "1"]
[SourceVersionDate "2024.10.14"]
[SourceQuality "1"]

1. e4 e5 2. Nf3 Nc6 3. Bb5 a6 4. Ba4 Nf6 5. 0-0 Be7 6. Re1 b5 7. Bb3 0-0 8. d4 d6 9. c3 Bg4 10. Be3 Na5 11. Bc2 Nc4 12. Bc1 Nd7 13. b3 Ncb6 14. Bb2 c5 15. h3 Bh5 16. Nbd2 Bf6 17. dxc5 Bxf3 18. Qxf3 dxc5 19. Rad1 Qc7 20. Nf1 g6 21. Ne3 Bg7 22. Re2 Rfd8 23. Red2 Nf8 24. Nd5 Nxd5 25. Rxd5 Rxd5 26. Rxd5 Rd8 27. Qd3 Rxd5 28. Qxd5 Qd7 29. Qxd7 Nxd7 30. Bc1 Bf8 31. Be3 Nb6 32. Bd3 f6 33. f3 Kf7 34. Kf2 Ke6 35. g4 g5 36. Ke2 Kd6 37. Kd2 Kc6 38. Kc2 c4 39. Be2 Bc5 40. Bxc5 Kxc5 41. b4+ Kc6 42. Kd2 Na8 43. Ke3 Nc7 44. Bf1 Ne6 45. Kd2 Kb6 46. Be2 a5 47. a3 Nf4 48. Bf1 axb4 49. axb4 Ng6 50. Ke3 Kc6 51. Be2 Nf8 52. Bf1 Ne6 53. Be2 Nc7 54. Bd1 Kd6 55. Be2 Ke6 56. Bf1 Kf7 57. Be2 Kg6 58. Bf1 h5 59. Be2 hxg4 60. hxg4 Kf7 61. Bf1 Ke6 62. Be2 Kd6 63. Bf1 Ne6 64. Be2 Nf4 65. Bf1 Kc6 66. Be2 Nxe2 67. Kxe2 1/2-1/2

[Event "TUR Cup"]
[Site "Denizli"]
[Date "2024.08.04"]
[Round "8"]
[White "Sadik, Muhammed Selim"]
[Black "Yuksel, Davut Can"]
[Result "0-1"]
[WhiteElo "1798"]
[BlackElo "1882"]
[PlyCount "62"]
[EventDate "2024.07.30"]
[EventType "swiss"]
[EventRounds "11"]
[EventCountry "TUR"]
[SourceTitle "EXT 2025"]
[Source "ChessBase"]
[SourceDate "2024.10.14"]
[SourceVersion "1"]
[SourceVersionDate "2024.10.14"]
[SourceQuality "1"]

1. d4 Nf6 2. c4 e5 3. dxe5 Ng4 4. e3 Nxe5 5. f4 Nec6 6. Nf3 Bb4+ 7. Bd2 Bxd2+ 8. Qxd2 d6 9. Bd3 Nd7 10. 0-0 Nc5 11. Bc2 a5 12. Nc3 0-0 13. Rad1 h6 14. h3 Be6 15. Nd5 Nb4 16. Nxb4 axb4 17. b3 f5 18. Bb1 Na6 19. Nd4 Qf6 20. e4 fxe4 21. Bxe4 Nc5 22. Bb1 Bf7 23. Qxb4 Bg6 24. f5 Bh5 25. Rd2 Rae8 26. Nb5 Re3 27. Nxc7 Qg5 28. Kh1 Be2 29. Re1 Qf4 30. Rb2 Rxh3+ 31. Kg1 Qe3# 0-1

[Event "TUR-chT 2nd League"]
[Site "Denizli"]
[Date "2024.07.16"]
[Round "2.10"]
[White "Yuksel, Davut Can"]
[Black "Yildiz, Talat"]
[Result "1-0"]
[WhiteElo "1851"]
[BlackElo "1891"]
[PlyCount "30"]
[EventDate "2024.07.15"]
[EventType "team-swiss"]
[EventRounds "9"]
[EventCountry "TUR"]
[SourceTitle "EXT 2025"]
[Source "ChessBase"]
[SourceDate "2024.10.14"]
[SourceVersion "1"]
[SourceVersionDate "2024.10.14"]
[SourceQuality "1"]
[WhiteTeam "Ortaca Belediye"]
[BlackTeam "Cesme Belediye"]
[WhiteTeamCountry "TUR"]
[BlackTeamCountry "TUR"]

1. d4 Nf6 2. c4 e6 3. Nf3 d5 4. g3 Bb4+ 5. Bd2 Be7 6. Bg2 c6 7. Qc2 Nbd7 8. 0-0 0-0 9. Bf4 b6 10. Nbd2 Bb7 11. e4 Rc8 12. Rfd1 c5 13. cxd5 exd5 14. exd5 Nxd5 15. dxc5 Nxc5 1-0

[Event "Izmir op 18th"]
[Site "Izmir"]
[Date "2019.09.04"]
[Round "5"]
[White "Yuksel, Davut Can"]
[Black "Yilmaz, Turhan"]
[Result "0-1"]
[WhiteElo "1757"]
[BlackElo "2180"]
[PlyCount "64"]
[EventDate "2019.09.02"]
[EventType "swiss"]
[EventRounds "9"]
[EventCountry "TUR"]
[SourceTitle "EXT 2020"]
[Source "ChessBase"]
[SourceDate "2019.10.17"]
[SourceVersion "1"]
[SourceVersionDate "2019.10.17"]
[SourceQuality "1"]

1. d4 g6 2. Bf4 Nf6 3. e3 Bg7 4. Nf3 0-0 5. h3 d6 6. Be2 Nfd7 7. 0-0 h6 8. c4 e5 9. Bh2 Nc6 10. Nc3 f5 11. Rc1 Kh8 12. a3 g5 13. b4 exd4 14. Nxd4 Nxd4 15. exd4 f4 16. c5 a6 17. cxd6 cxd6 18. Nd5 Nb6 19. Nc7 Rb8 20. d5 Be5 21. Bg4 Bxg4 22. Qxg4 Qf6 23. Qe6 Rbc8 24. f3 Rf7 25. Qxf6+ Bxf6 26. Ne6 Rxc1 27. Rxc1 Bb2 28. Rb1 Bxa3 29. Nd4 Rc7 30. Nf5 Nxd5 31. Nxd6 Bxb4 32. Ne4 a5 0-1

[Event "Sivas op 1st"]
[Site "Sivas"]
[Date "2019.08.19"]
[Round "1"]
[White "Yuksel, Davut Can"]
[Black "Aksakal, Nurettin"]
[Result "1-0"]
[WhiteElo "1799"]
[BlackElo "1343"]
[PlyCount "43"]
[EventDate "2019.08.19"]
[EventType "swiss"]
[EventRounds "9"]
[EventCountry "TUR"]
[SourceTitle "EXT 2020"]
[Source "ChessBase"]
[SourceDate "2019.10.17"]
[SourceVersion "1"]
[SourceVersionDate "2019.10.17"]
[SourceQuality "1"]

1. e4 c5 2. Nf3 d6 3. d4 cxd4 4. Nxd4 Nf6 5. Nc3 g6 6. Be3 Bg7 7. f3 0-0 8. Qd2 Nc6 9. Bc4 Bd7 10. 0-0-0 Rc8 11. Bb3 Ne5 12. h4 h5 13. Kb1 Nc4 14. Bxc4 Rxc4 15. Nde2 Re8 16. Bg5 b5 17. e5 b4 18. Qd3 Be6 19. exf6 exf6 20. Nd5 Bxd5 21. Qxd5 Rc5 22. Qxc5 1-0

[Event "TUR Cup"]
[Site "Antalya"]
[Date "2019.02.03"]
[Round "11"]
[White "Gallevci, Yagiz"]
[Black "Yuksel, Davut Can"]
[Result "1-0"]
[WhiteElo "2034"]
[BlackElo "1836"]
[PlyCount "109"]
[EventDate "2019.01.27"]
[EventType "swiss"]
[EventRounds "11"]
[EventCountry "TUR"]
[SourceTitle "CBM 188 Extra"]
[Source "ChessBase"]
[SourceDate "2019.02.28"]
[SourceVersion "1"]
[SourceVersionDate "2019.02.28"]
[SourceQuality "1"]

1. e4 e5 2. Nf3 Nc6 3. Bb5 a6 4. Bxc6 dxc6 5. Nc3 f6 6. d4 exd4 7. Qxd4 Qxd4 8. Nxd4 Bd7 9. Be3 0-0-0 10. 0-0-0 Ne7 11. Nde2 Ng6 12. Nf4 Nxf4 13. Bxf4 Bc5 14. f3 Be6 15. a3 g5 16. Rxd8+ Rxd8 17. Bd2 h5 18. e5 fxe5 19. Bxg5 Rg8 20. h4 Bf5 21. Re1 Bd4 22. Nd1 Re8 23. Be3 Bxe3+ 24. Nxe3 Bg6 25. Nc4 e4 26. Nd2 exf3 27. Rxe8+ Bxe8 28. gxf3 Kd7 29. Ne4 Ke6 30. Kd2 b6 31. Ke3 Kf5 32. c4 c5 33. Ng3+ Ke5 34. Ne2 Bf7 35. Kd3 Bg6+ 36. Kc3 c6 37. Kd2 b5 38. Ke3 Bf7 39. Nf4 bxc4 40. Ne2 Bg6 41. Nc3 Bc2 42. Ne4 a5 43. Nxc5 a4 44. Na6 Bg6 45. Nb4 c5 46. Na2 Bc2 47. Nc3 Kf5 48. Ne2 Ke5 49. Nf4 Bb1 50. Nxh5 c3 51. bxc3 Kd5 52. Nf6+ Kc4 53. Ne4 Kb3 54. h5 Kxa3 55. h6 1-0

[Event "TUR Cup"]
[Site "Antalya"]
[Date "2019.01.29"]
[Round "4"]
[White "Yuksel, Davut Can"]
[Black "Tolon, Adman Devran"]
[Result "1-0"]
[WhiteElo "1836"]
[BlackElo "1761"]
[PlyCount "69"]
[EventDate "2019.01.27"]
[EventType "swiss"]
[EventRounds "11"]
[EventCountry "TUR"]
[SourceTitle "CBM 188 Extra"]
[Source "ChessBase"]
[SourceDate "2019.02.28"]
[SourceVersion "1"]
[SourceVersionDate "2019.02.28"]
[SourceQuality "1"]

1. d4 e6 2. c4 Bb4+ 3. Nd2 d5 4. Qa4+ Nc6 5. e3 Nf6 6. a3 Be7 7. Ngf3 0-0 8. Bd3 Bd7 9. Qc2 a5 10. b3 h6 11. 0-0 Re8 12. Bb2 Bf8 13. e4 dxe4 14. Nxe4 Nh5 15. Rfe1 f5 16. Nc3 Nf4 17. Bf1 g5 18. d5 exd5 19. Nxd5 Nxd5 20. cxd5 Ne7 21. Bc4 Kh7 22. d6 cxd6 23. Bf7 Qc8 24. Qd3 Ng6 25. Qd4 Rxe1+ 26. Rxe1 Qd8 27. Qd5 Bg7 28. Qxd6 Nf4 29. Bxg7 Kxg7 30. Re7 Ne2+ 31. Rxe2 Ra6 32. Qd5 g4 33. Ne5 Qc7 34. Nc4 Rc6 35. Re7 1-0

[Event "TUR-chT 2nd League"]
[Site "Konya"]
[Date "2018.07.17"]
[Round "2.15"]
[White "Darban Vaighani, Morteza"]
[Black "Yuksel, Davut Can"]
[Result "1-0"]
[WhiteElo "2312"]
[BlackElo "1834"]
[PlyCount "93"]
[EventDate "2018.07.16"]
[EventType "team-swiss"]
[EventRounds "9"]
[EventCountry "TUR"]
[SourceTitle "EXT 2019"]
[Source "ChessBase"]
[SourceDate "2018.10.10"]
[SourceVersion "1"]
[SourceVersionDate "2018.10.10"]
[SourceQuality "1"]
[WhiteTeam "Bursa Nida"]
[BlackTeam "Genc Efe Izcilik"]
[WhiteTeamCountry "TUR"]
[BlackTeamCountry "TUR"]

1. g3 Nf6 2. Bg2 d5 3. d3 e6 4. Nd2 Be7 5. Ngf3 0-0 6. 0-0 c5 7. e4 Nc6 8. Re1 b6 9. e5 Nd7 10. Nf1 Bb7 11. h4 Rc8 12. N1h2 Nd4 13. Nxd4 cxd4 14. Nf3 Bc5 15. a3 a5 16. Rb1 a4 17. b4 axb3 18. cxb3 b5 19. b4 Bb6 20. Bb2 Ra8 21. Ra1 Ra4 22. Nxd4 Bxd4 23. Bxd4 Nb6 24. Qc2 Ra8 25. Rec1 Rc8 26. Qd2 Na4 27. Rxc8 Qxc8 28. Rc1 Qd7 29. Rc2 Rc8 30. Qc1 Rxc2 31. Qxc2 Qc6 32. Qxc6 Bxc6 33. h5 h6 34. f4 Kf8 35. g4 Ke7 36. Kf2 Bd7 37. Kg3 Bc8 38. Bh3 Bd7 39. f5 f6 40. exf6+ gxf6 41. fxe6 Bxe6 42. Be3 Nb2 43. Bf1 f5 44. Bd4 Na4 45. Bh3 fxg4 46. Bxg4 Bg8 47. Kf4 1-0

[Event "TUR-chT 2nd League"]
[Site "Konya"]
[Date "2017.07.20"]
[Round "5.6"]
[White "Demir, Utku Deniz"]
[Black "Yuksel, Davut Can"]
[Result "0-1"]
[WhiteElo "1680"]
[BlackElo "1773"]
[PlyCount "150"]
[EventDate "2017.07.17"]
[EventType "team-swiss"]
[EventRounds "9"]
[EventCountry "TUR"]
[SourceTitle "CBM 179 Extra"]
[Source "ChessBase"]
[SourceDate "2017.08.23"]
[SourceVersion "1"]
[SourceVersionDate "2017.08.23"]
[SourceQuality "1"]
[WhiteTeam "Eskiseh Tasci"]
[BlackTeam "Genc Efe Izcilik"]
[WhiteTeamCountry "TUR"]
[BlackTeamCountry "TUR"]

1. e4 e5 2. Nf3 Nc6 3. Bb5 a6 4. Ba4 Nf6 5. 0-0 Be7 6. c3 b5 7. Bc2 d6 8. h3 0-0 9. Re1 Nb8 10. d4 Nbd7 11. Nbd2 Re8 12. Bb3 c5 13. d5 c4 14. Bc2 Bf8 15. Nf1 g6 16. Ng3 Bg7 17. Be3 Qc7 18. Qd2 Bb7 19. Nh2 Nc5 20. Bg5 Bc8 21. Kh1 Bd7 22. f4 h6 23. fxe5 hxg5 24. exf6 Bxf6 25. Rf1 Qd8 26. Qf2 Kg7 27. Rae1 Qe7 28. Re3 Be5 29. Rf3 f6 30. Ne2 Rh8 31. Kg1 g4 32. Re3 gxh3 33. g3 Raf8 34. Nd4 Rh5 35. Ndf3 Rfh8 36. b4 cxb3 37. axb3 Nb7 38. b4 Nd8 39. Bd1 Nf7 40. Nxe5 Rxe5 41. Rf3 f5 42. exf5 Rxf5 43. Rxf5 Bxf5 44. Re1 Ne5 45. Nf3 h2+ 46. Nxh2 Qf7 47. Nf3 Qxd5 48. g4 Bxg4 49. Qa7+ Kf6 50. Nxe5 Qh1+ 51. Kf2 Rh2+ 52. Kg3 Qg2+ 53. Kf4 dxe5+ 54. Rxe5 Qf2+ 55. Qxf2 Rxf2+ 56. Ke4 Bxd1 57. Rc5 Kg7 58. Ke3 Rf6 59. c4 bxc4 60. Rxc4 Ba4 61. Rc1 g5 62. Ke4 Kg6 63. Ke5 Bb5 64. Rc8 Rf4 65. Rg8+ Kh5 66. Rd8 Rxb4 67. Rd1 g4 68. Kf5 Kh4 69. Rg1 Kh3 70. Rh1+ Kg2 71. Rc1 g3 72. Rc2+ Kh3 73. Rc3 Kh2 74. Rc7 g2 75. Rh7+ Kg1 0-1

[Event "Manavgat Turkey Cup"]
[Site "Manavgat"]
[Date "2016.02.04"]
[Round "9"]
[White "Oner, Oguz"]
[Black "Yuksel, Davut Can"]
[Result "1/2-1/2"]
[WhiteElo "1858"]
[BlackElo "1735"]
[PlyCount "100"]
[EventDate "2016.01.30"]
[EventType "swiss"]
[EventRounds "11"]
[EventCountry "TUR"]
[SourceTitle "CBM 170 Extra"]
[Source "ChessBase"]
[SourceDate "2016.02.25"]
[SourceVersion "1"]
[SourceVersionDate "2016.02.25"]
[SourceQuality "1"]

1. d4 Nf6 2. c4 e6 3. Nf3 b6 4. g3 Ba6 5. b3 Bb4+ 6. Bd2 Be7 7. Bg2 c6 8. Bc3 d5 9. Nbd2 0-0 10. 0-0 Nbd7 11. Qc2 Rc8 12. e4 dxe4 13. Nxe4 Qc7 14. Rfd1 Rfd8 15. Rd2 Nxe4 16. Qxe4 Bf6 17. g4 c5 18. Rad1 Bb7 19. Qe3 cxd4 20. Bxd4 Qb8 21. g5 Be7 22. Bxg7 Kxg7 23. Rxd7 Bc6 24. R7d2 Rxd2 25. Rxd2 Rd8 26. Nd4 Bxg2 27. Kxg2 Bc5 28. Qc3 Bxd4 29. Rxd4 Qe5 30. Rd3 Qxc3 31. Rxc3 Rd2 32. a3 Kg6 33. c5 bxc5 34. Rxc5 Rd3 35. Ra5 Rxb3 36. Rxa7 Kxg5 37. a4 Kg6 38. a5 Ra3 39. a6 Kg7 40. Ra8 Ra2 41. Kf3 Ra3+ 42. Ke4 Kf6 43. Kd4 Ra2 44. a7 Kg7 45. Ke5 Ra6 46. h4 h5 47. Kf4 Ra5 48. Kg3 Ra3+ 49. f3 Ra4 50. Kf2 Ra3 1/2-1/2

[Event "Manavgat Turkey Cup"]
[Site "Manavgat"]
[Date "2016.02.03"]
[Round "7"]
[White "Taskiran, Recep"]
[Black "Yuksel, Davut Can"]
[Result "1/2-1/2"]
[WhiteElo "1846"]
[BlackElo "1735"]
[PlyCount "106"]
[EventDate "2016.01.30"]
[EventType "swiss"]
[EventRounds "11"]
[EventCountry "TUR"]
[SourceTitle "CBM 170 Extra"]
[Source "ChessBase"]
[SourceDate "2016.02.25"]
[SourceVersion "1"]
[SourceVersionDate "2016.02.25"]
[SourceQuality "1"]

1. e4 c5 2. Nf3 d6 3. d4 cxd4 4. Nxd4 Nf6 5. Nc3 Nc6 6. Be2 Bd7 7. 0-0 g6 8. Be3 Bg7 9. f3 0-0 10. Qd2 Nxd4 11. Bxd4 Qa5 12. Rfd1 Rfc8 13. Nd5 Qxd2 14. Nxe7+ Kf8 15. Nxg6+ hxg6 16. Rxd2 Ke7 17. Rad1 Be6 18. Be3 Ne8 19. Bg5+ Bf6 20. Bxf6+ Kxf6 21. b3 Rc3 22. Bd3 Rac8 23. Kf2 Ke7 24. g4 a6 25. h3 Ng7 26. f4 Rh8 27. f5 Bd7 28. Rh1 Bc6 29. Rh2 g5 30. Ke3 Bb5 31. Kd4 Rhc8 32. h4 gxh4 33. g5 f6 34. gxf6+ Kxf6 35. Rdg2 Bxd3 36. Rg6+ Kf7 37. cxd3 R3c6 38. Rxh4 d5 39. Rhg4 Rxg6 40. Rxg6 dxe4 41. dxe4 Rd8+ 42. Kc5 Ne8 43. Rb6 Rd7 44. e5 Rc7+ 45. Kd5 Ng7 46. Kd6 Ne8+ 47. Kd5 Re7 48. Rh6 Nc7+ 49. Kd6 Nb5+ 50. Kd5 Nc3+ 51. Kd4 Nb5+ 52. Kd5 Nc7+ 53. Kd6 Nb5+ 1/2-1/2

[Event "Troya op 23rd"]
[Site "Canakkale"]
[Date "2015.08.08"]
[Round "1"]
[White "Yuksel, Davut Can"]
[Black "Agasieva, Fidan"]
[Result "0-1"]
[WhiteElo "1746"]
[BlackElo "2027"]
[PlyCount "80"]
[EventDate "2015.08.08"]
[EventType "swiss"]
[EventRounds "9"]
[EventCountry "TUR"]
[SourceTitle "CBM 167 Extra"]
[Source "ChessBase"]
[SourceDate "2015.09.14"]
[SourceVersion "1"]
[SourceVersionDate "2015.09.14"]
[SourceQuality "1"]

1. e4 c6 2. d4 d5 3. e5 c5 4. dxc5 Nc6 5. Bb5 e6 6. Be3 Bd7 7. Bxc6 Bxc6 8. c3 d4 9. cxd4 Bxg2 10. f3 Bxh1 11. Qa4+ Qd7 12. Qxd7+ Kxd7 13. Kf2 Ne7 14. Nd2 Nf5 15. Ne4 Be7 16. Ne2 Bh4+ 17. N4g3 Nxe3 18. Kxe3 Bg2 19. Ng1 f5 20. exf6 Bxf6 21. Rd1 h5 22. h3 Kc6 23. Kf2 Rad8 24. N3e2 Bh1 25. Kg3 Be5+ 26. Kf2 h4 27. b4 Bf6 28. a4 a6 29. Ke3 e5 30. b5+ axb5 31. axb5+ Kxb5 32. Rb1+ Kc6 33. Rb6+ Kc7 34. Ke4 exd4 35. Nf4 Rhe8+ 36. Kf5 Re5+ 37. Kg6 Rg5+ 38. Kf7 Rd7+ 39. Kf8 Rxc5 40. Rb1 Kd6 0-1

[Event "Manavgat Turkey Cup"]
[Site "Manavgat"]
[Date "2015.02.03"]
[Round "5"]
[White "Demir, Halil Ibrahim"]
[Black "Yuksel, Davut Can"]
[Result "0-1"]
[WhiteElo "1531"]
[BlackElo "1558"]
[PlyCount "55"]
[EventDate "2015.01.31"]
[EventType "swiss"]
[EventRounds "11"]
[EventCountry "TUR"]
[SourceTitle "CBM 164 Extra"]
[Source "ChessBase"]
[SourceDate "2015.03.02"]
[SourceVersion "1"]
[SourceVersionDate "2015.03.02"]
[SourceQuality "1"]

1. d4 d5 2. e3 Nf6 3. c4 e6 4. Nc3 Be7 5. Nf3 0-0 6. b3 b6 7. Bd3 Bb7 8. Qc2 Nbd7 9. Bb2 c5 10. h4 cxd4 11. Nxd4 Ne5 12. Rg1 Nxd3+ 13. Qxd3 dxc4 14. Qxc4 Rc8 15. Qe2 Bb4 16. 0-0-0 Bxc3 17. Bxc3 Rxc3+ 18. Kb2 Qc8 19. g4 Nd5 20. h5 Ba6 21. Qe1 e5 22. e4 exd4 23. exd5 Re8 24. d6 Rxe1 25. Rgxe1 Rc2+ 26. Kb1 Bb5 27. Rc1 d3 28. Re7 0-1